000 00332nam a22001217a 4500
008 230621b xxu||||| |||| 00| 0 eng d
082 _a328.3
_bIPU 1994
245 _aChronicle of Parliamentary Elections and Developments
260 _aGeneva
_bInter-Parliamentary Union
_c1994
300 _a235p
440 _vXXVII
942 _2ddc
_cBK
999 _c2004
_d2004